Catalog

Record Details

Catalog Search



Publikační činnost Akademického spolku "Kapper"  Cover Image Book Book

Publikační činnost Akademického spolku "Kapper" / Helena Krejčová

Krejčová, Helena (Author).

Record details

  • Physical Description: 23 stran strojopisu
  • Publisher: [Místo vydání není známé : nakladatel není známý, 1989?]

Content descriptions

General Note:
Rukopis

Available copies

  • 1 of 1 copy available at Common Catalog SPOK.

Holds

  • 0 current holds with 1 total copy.
Show Only Available Copies
Location Call Number / Copy Notes Barcode Shelving Location Status Due Date
The Jewish community of Prague J 493 4638304798 J - Judaika Available -

LDR nam a22 i 4500
00157446
003CZ-PrJAB
00520240528083853.0
007ta
008240528s1989 xr e 000 0 cze
040 . ‡aABE461 ‡bcze ‡erda
1001 . ‡aKrejčová, Helena
24510. ‡aPublikační činnost Akademického spolku "Kapper" / ‡cHelena Krejčová
264 1. ‡a[Místo vydání není známé : ‡bnakladatel není známý, ‡c1989?]
300 . ‡a23 stran strojopisu
336 . ‡atext ‡btxt ‡2rdacontent
338 . ‡asvazek ‡bnc ‡2rdacarrier
500 . ‡aRukopis
6530 . ‡aAkademický spolek Kapper
910 . ‡aABE461
995 . ‡askn
901 . ‡a57446 ‡bAUTOGEN ‡c57446 ‡tbiblio

Additional Resources